000 00345nam a22001337a 4500
003 SGT
020 _a8185137064
082 _a891.4309
_bB95A
100 _aअरविन्द
245 _aभारत का पुनर्जन्म
260 _bमीरा अदिति सेंटर
_c1995
300 _a293
942 _2ddc
_cBK
999 _c29752
_d29752